5HLuxD.jpg

KING HENRY VIII SENIOR AND PRIMARY SCHOOL LIBRARY OPAC

Dog Man : Brawl of the wild / (Record no. 3963)

000 -LEADER
fixed length control field 01092cam a2200337 ab4500
001 - CONTROL NUMBER
control field 1611593
003 - CONTROL NUMBER IDENTIFIER
control field OSt
005 - DATE AND TIME OF LATEST TRANSACTION
control field 20241128092619.0
008 - FIXED-LENGTH DATA ELEMENTS--GENERAL INFORMATION
fixed length control field 190429s2019 nyua j 6 000 1 eng d
020 ## - INTERNATIONAL STANDARD BOOK NUMBER
International Standard Book Number 9781338236576
Qualifying information (hbk.) :
040 ## - CATALOGING SOURCE
Original cataloging agency KML
Language of cataloging eng
Transcribing agency KML
Description conventions aacr2
Modifying agency KH8
041 0# - LANGUAGE CODE
Language code of text/sound track or separate title eng
042 ## - AUTHENTICATION CODE
Authentication code nbic
082 0# - DEWEY DECIMAL CLASSIFICATION NUMBER
Classification number 741.5973 PIL
100 1# - MAIN ENTRY--PERSONAL NAME
Personal name Pilkey, Dav,
Dates associated with a name 1966-
245 10 - TITLE STATEMENT
Title Dog Man : Brawl of the wild /
Statement of responsibility, etc. written and illustrated by Dav Pilkey as George Beard and Harold Hutchins ; with color by Jose Garibaldi.
250 ## - EDITION STATEMENT
Edition statement 1st ed.
260 ## - PUBLICATION, DISTRIBUTION, ETC.
Place of publication, distribution, etc. New York, NY :
Name of publisher, distributor, etc. Graphix, an imprint of Scholastic,
Date of publication, distribution, etc. [2019]
300 ## - PHYSICAL DESCRIPTION
Extent 221 p. :
Other physical details col. ill. ;
Dimensions 22 cm.
490 1# - SERIES STATEMENT
Series statement Dog Man.
500 ## - GENERAL NOTE
General note "Treehouse Comix proudly presents."
500 ## - GENERAL NOTE
General note Chiefly illustrations.
650 #0 - SUBJECT ADDED ENTRY--TOPICAL TERM
Topical term or geographic name entry element Dogs
Form subdivision Comic books, strips, etc.
650 #0 - SUBJECT ADDED ENTRY--TOPICAL TERM
Topical term or geographic name entry element Dogs
Form subdivision Juvenile fiction.
650 #0 - SUBJECT ADDED ENTRY--TOPICAL TERM
Topical term or geographic name entry element Police
Form subdivision Comic books, strips, etc.
650 #0 - SUBJECT ADDED ENTRY--TOPICAL TERM
Topical term or geographic name entry element Police
Form subdivision Juvenile fiction.
650 #0 - SUBJECT ADDED ENTRY--TOPICAL TERM
Topical term or geographic name entry element Cats
Form subdivision Comic books, strips, etc.
650 #0 - SUBJECT ADDED ENTRY--TOPICAL TERM
Topical term or geographic name entry element Cats
Form subdivision Juvenile fiction.
830 #0 - SERIES ADDED ENTRY--UNIFORM TITLE
Uniform title Dog Man.
942 ## - ADDED ENTRY ELEMENTS (KOHA)
Source of classification or shelving scheme
Koha item type Books - Non Ficton
Holdings
Withdrawn status Lost status Source of classification or shelving scheme Damaged status Not for loan Collection code Permanent Location Current Location Shelving location Date acquired Full call number Barcode Date last seen Price effective from Koha item type
          Non-Fiction KH8 Primary School Library KH8 Primary School Library Non Fiction 2024-11-26 741.5973 PIL KHPL000004662 2025-12-05 2024-11-26 Books - Non Ficton

Powered By KH8 IT Dept